000 00257nam a2200097Ia 4500
082 _aAF CROC
245 0 _aKing
100 _a Crocker, Gareth Johannesburg, South Africa, 2013
_991502
942 _cBK
008 210817s9999 xx 000 0 und d
999 _c370999
_d370998